000 02272cam a22005534i 4500
003 PE-LiUPU
005 20250731172907.0
008 170202s2016 miua rb 001 0 eng d
020 _a080103714X
020 _a9780801037146
035 _a(Sirsi) a166709
040 _aPE-LiUPU
_bspa
_cPE-LiUPU
_erda
049 _aPRUA
082 0 4 _a221.61
_bH48
_223
100 1 _aHess, Richard S.,
_eautor.
245 1 4 _aThe Old Testament :
_ba historical, theological, and critical introduction /
_cRichard S. Hess.
264 1 _aGrand Rapids, MI :
_bBaker Publishing Group,
_c2016.
300 _axiv, 801 páginas :
_bilustraciones ;
_c24 centimetros
336 _atext
_2rdacontent
337 _aunmediated
_2rdamedia
338 _avolume
_2rdacarrier
504 _aBibliografía : páginas 715-759.
504 _aÍndices: páginas 760-761.
505 0 _aIntroduction -- Part 1 pentauch -- Part 2 historical books -- Part 3 poetic books -- Part 4 prophetic books.
526 _aSEG42
526 _aSEG41
526 _aSEG40
526 _aSEG39
526 _aP94
526 _aP87
526 _aP86
526 _aP85
526 _aP77
526 _aP76
526 _aP35
650 0 1 _aBiblia.
_pAntiguo Testamento
_vIntroducciones.
650 0 _aBiblia.
_pAntiguo Testamento
_xCritianismo, interpretación, etc.
910 _ajck
_bjvq
_cjck
_d2017022.
910 _adbm
_bncf
_cncf
_d20171220
910 _adbm
_bjpc
_cjpc
_d20190509
942 _2ddc
_cBOOK
949 _a221.61 H48
_wDEWEY
_c1
_i75624
_lCATALOGING
_mBUL
_p34.00
_r0
_sY
_tBOOK
_u2017-02-2
_xTEOLOGIA
_zPOSGRADO TEOLOGÍA
_0COMPRA
_o.CIRCNOTE. El documento es de alto precio.
_o.STAFF. Colección Teología
994 _aC0
_bPEPRU
596 _a1
999 _a221.61 H48
_wDEWEY
_c15445
_i75624
_d15445
_e2017-10-5
_f2021-11-9
_g5
_lCCODEBUL1
_mBUL
_n5
_p34.00
_q24
_r0
_sY
_tBOOK
_u2017-2-2
_xTEOLOGIA
_PP85
_0COMPRA
_o.STAFF. Colección Teología
999 _a221.61 H48
_wDEWEY
_c2
_i77660
_d2019-11-26
_f2021-11-9
_g5
_lCCODEBUL1
_mBUL
_p30.00
_q21
_r0
_sY
_tBOOK
_u2017-12-20
_xTEOLOGIA
_PP85
_0COMPRA
_o.STAFF. Colección Teología
980 _81
_gALBERTO SANCHEZ Responsable de Automatización